Contemporary Ideas on Ship Stability (Record no. 12651)

000 -LEADER
fixed length control field 03659nam a22005895i 4500
001 - CONTROL NUMBER
control field 978-3-031-16329-6
003 - CONTROL NUMBER IDENTIFIER
control field DE-He213
005 - DATE AND TIME OF LATEST TRANSACTION
control field 20250103112330.0
007 - PHYSICAL DESCRIPTION FIXED FIELD--GENERAL INFORMATION
fixed length control field cr nn 008mamaa
008 - FIXED-LENGTH DATA ELEMENTS--GENERAL INFORMATION
fixed length control field 230328s2023 sz | s |||| 0|eng d
020 ## - INTERNATIONAL STANDARD BOOK NUMBER
International Standard Book Number 9783031163296
-- 978-3-031-16329-6
024 ## - OTHER STANDARD IDENTIFIER
Standard number or code 10.1007/978-3-031-16329-6
Source of number or code doi
050 ## - LIBRARY OF CONGRESS CALL NUMBER
Classification number TA357-359
072 ## - SUBJECT CATEGORY CODE
Subject category code TGMF
Source bicssc
072 ## - SUBJECT CATEGORY CODE
Subject category code TEC009070
Source bisacsh
072 ## - SUBJECT CATEGORY CODE
Subject category code TGMF
Source thema
082 ## - DEWEY DECIMAL CLASSIFICATION NUMBER
Classification number 620.1064
Edition number 23
245 ## - TITLE STATEMENT
Title Contemporary Ideas on Ship Stability
Medium [electronic resource] :
Remainder of title From Dynamics to Criteria /
Statement of responsibility, etc. edited by Kostas J. Spyrou, Vadim L. Belenky, Toru Katayama, Igor Bačkalov, Alberto Francescutto.
250 ## - EDITION STATEMENT
Edition statement 1st ed. 2023.
260 ## - PUBLICATION, DISTRIBUTION, ETC.
Place of publication, distribution, etc. Cham :
Name of publisher, distributor, etc. Springer International Publishing :
-- Imprint: Springer,
Date of publication, distribution, etc. 2023.
300 ## - PHYSICAL DESCRIPTION
Extent XI, 749 p. 467 illus., 350 illus. in color.
Other physical details online resource.
336 ## - CONTENT TYPE
Content type term text
Content type code txt
Source rdacontent
337 ## - MEDIA TYPE
Media type term computer
Media type code c
Source rdamedia
338 ## - CARRIER TYPE
Carrier type term online resource
Carrier type code cr
Source rdacarrier
347 ## - DIGITAL FILE CHARACTERISTICS
File type text file
Encoding format PDF
Source rda
490 ## - SERIES STATEMENT
Series statement Fluid Mechanics and Its Applications,
International Standard Serial Number 2215-0056 ;
Volume/sequential designation 134
505 ## - FORMATTED CONTENTS NOTE
Formatted contents note Challenges in the mathematical modeling of dynamic stability -- Development of 2nd generation intact stability criteria -- Stochastic rolling -- Phenomena of dynamic instability in waves -- Operational stability -- Damage stability -- Roll damping -- Stability of special craft.
520 ## - SUMMARY, ETC.
Summary, etc. This book is a selection of research papers presented in 5 consecutive International Ship Stability Workshops (ISSWs) managed by the STAB International Standing Committee in the period 2013–2019 (2013 Brest, 2014 Kuala Lumpur, 2016 Stockholm, 2017 Belgrade, 2019 Helsinki). ISSWs are a long-standing and authoritative series of international technical meetings in the field of stability of ships and ocean vehicles. The book is the fourth of a line of books started 20 years ago and having the main title “Contemporary Ideas on Ship Stability”. It focuses on the state-of-the-art ship stability criteria and covers topics such as ship dynamics in waves, roll damping, stability of damaged ships, model experiments, and effect of stability requirements on ship design and operation. This book helps the readers to understand the current state of the art in the field of ship stability and see how this comes into the development of modern criteria of ship design and operation.
650 ## - SUBJECT ADDED ENTRY--TOPICAL TERM
Topical term or geographic name entry element Fluid mechanics.
650 ## - SUBJECT ADDED ENTRY--TOPICAL TERM
Topical term or geographic name entry element Building materials.
650 ## - SUBJECT ADDED ENTRY--TOPICAL TERM
Topical term or geographic name entry element Transportation engineering.
650 ## - SUBJECT ADDED ENTRY--TOPICAL TERM
Topical term or geographic name entry element Traffic engineering.
650 ## - SUBJECT ADDED ENTRY--TOPICAL TERM
Topical term or geographic name entry element Engineering Fluid Dynamics.
650 ## - SUBJECT ADDED ENTRY--TOPICAL TERM
Topical term or geographic name entry element Structural Materials.
650 ## - SUBJECT ADDED ENTRY--TOPICAL TERM
Topical term or geographic name entry element Transportation Technology and Traffic Engineering.
700 ## - ADDED ENTRY--PERSONAL NAME
Personal name Spyrou, Kostas J.
Relator term editor.
Relationship edt
-- http://id.loc.gov/vocabulary/relators/edt
700 ## - ADDED ENTRY--PERSONAL NAME
Personal name Belenky, Vadim L.
Relator term editor.
Relationship edt
-- http://id.loc.gov/vocabulary/relators/edt
700 ## - ADDED ENTRY--PERSONAL NAME
Personal name Katayama, Toru.
Relator term editor.
Relationship edt
-- http://id.loc.gov/vocabulary/relators/edt
700 ## - ADDED ENTRY--PERSONAL NAME
Personal name Bačkalov, Igor.
Relator term editor.
Relationship edt
-- http://id.loc.gov/vocabulary/relators/edt
700 ## - ADDED ENTRY--PERSONAL NAME
Personal name Francescutto, Alberto.
Relator term editor.
Relationship edt
-- http://id.loc.gov/vocabulary/relators/edt
710 ## - ADDED ENTRY--CORPORATE NAME
Corporate name or jurisdiction name as entry element SpringerLink (Online service)
773 ## - HOST ITEM ENTRY
Title Springer Nature eBook
776 ## - ADDITIONAL PHYSICAL FORM ENTRY
Relationship information Printed edition:
International Standard Book Number 9783031163289
776 ## - ADDITIONAL PHYSICAL FORM ENTRY
Relationship information Printed edition:
International Standard Book Number 9783031163302
776 ## - ADDITIONAL PHYSICAL FORM ENTRY
Relationship information Printed edition:
International Standard Book Number 9783031163319
830 ## - SERIES ADDED ENTRY--UNIFORM TITLE
Uniform title Fluid Mechanics and Its Applications,
International Standard Serial Number 2215-0056 ;
Volume/sequential designation 134
856 ## - ELECTRONIC LOCATION AND ACCESS
Uniform Resource Identifier <a href="https://doi.org/10.1007/978-3-031-16329-6">https://doi.org/10.1007/978-3-031-16329-6</a>
912 ## -
-- ZDB-2-ENG
912 ## -
-- ZDB-2-SXE
Holdings
Withdrawn status Lost status Damaged status Not for loan Permanent Location Current Location Date acquired Date last seen Price effective from Koha item type
        IMU-MPC Library IMU-MPC Library 2025-01-03 2025-01-03 2025-01-03 E-Book
Copyright © 2021 Indian Maritime University, Mumbai Port Campus. All Rights Reserved. Managed & Maintained by Central Library, IMU-Mumbai

webs counters

Powered by Koha